Producción de biogas a partir de desechos resultantes de la broza del café

Bewaard in:
Bibliografische gegevens
Hoofdauteur: Reyes Chaves, Jorge Francisco
Formaat: Boek
Gepubliceerd in: San José, Costa Rica 1990
Onderwerpen:
Tags: Voeg label toe
Geen labels, Wees de eerste die dit record labelt!

MARC

LEADER 00000nam a2200000Ia 4500
003 004967
005 20221231144333.0
008 140114s1990 cr a m 000 ||s d
040 |c cru CEDI 
090 |a TFG 2340 
100 |a Reyes Chaves, Jorge Francisco  |9 13055 
245 |a Producción de biogas a partir de desechos resultantes de la broza del café  
260 |c 1990  |a San José, Costa Rica 
300 |a  99 hojas : ilustraciones ; 28 cm.  
500 |a  Proyecto de graduación (licenciatura en ingeniería química)--Universidad de Costa Rica. Facultad de Ingeniería. Escuela de Ingeniería Química 
650 |x APROVECHAMIENTO DE RESIDUOS   |x BIOGAS - PRODUCCION  |9 8563 
942 |c TFG 
999 |c 20374  |d 20374